Noem de laatste 25 jaar de wereldkampioenen in de formule 1 - Statistieken

Algemene statistieken
  • Deze quiz is 65 keer genomen
  • De gemiddelde score is 21 van 25
Antwoordstatistieken
Jaar Antwoord % Correct
2024 Max Verstappen
100%
2023 Max Verstappen
100%
2022 Max Verstappen
100%
2021 Max Verstappen
100%
2020 Lewis Hamilton
96%
2019 Lewis Hamilton
96%
2018 Lewis Hamilton
96%
2017 Lewis Hamilton
96%
2015 Lewis Hamilton
96%
2014 Lewis Hamilton
96%
2008 Lewis Hamilton
96%
2013 Sebastian Vettel
83%
2012 Sebastian Vettel
83%
2011 Sebastian Vettel
83%
2010 Sebastian Vettel
83%
2016 Nico Rosberg
81%
2004 Michael Schumacher
75%
2003 Michael Schumacher
75%
2002 Michael Schumacher
75%
2001 Michael Schumacher
75%
2000 Michael Schumacher
75%
2006 Fernando Alonso
73%
2005 Fernando Alonso
73%
2007 Kimi Räikkönen
67%
2009 Jenson Button
65%
Geen overeenkomende quizzen gevonden
Scoreverdeling
Procent van Mensen met Elke Score
Percentiel versus Aantal Correcte Antwoorden
Uw Scoregeschiedenis
U heeft deze quiz nog niet genomen